000
00255nam a22001097a 4500
008
230627b xxu||||| |||| 00| 0 eng d
082
_a
338.9
_b
KEN
245
_a
Development Plan 1974- 1978
_b
Part II
260
_b
GOK
300
_a
III,198p
942
_2
ddc
_c
BK
999
_c
2884
_d
2884